| 000 | 00552nam a2200193Ia 4500 | ||
|---|---|---|---|
| 003 | GCL | ||
| 008 | 140319s9999 xx 000 0 eng d | ||
| 040 |
_aGCL / _cGCL |
||
| 082 | 0 | 4 |
_a297.0947 _bB M |
| 100 | 1 | _aBABAKHANOV, MUPHTI ZIAOUTDINE | |
| 245 | 1 | 0 |
_aLES MUSULMANS EN UNION SOVIETIQUE:VERS UNE VIE NOUVELLE / _cBABAKHANOV, MUPHTI ZIAOUTDINE |
| 260 |
_a[S.N] : _bEDITIONS DU PROGRES ، _c1971 |
||
| 300 | _a130 | ||
| 650 | 0 | 4 | _aنجد |
| 650 | 0 | 4 | _aISLAMIC LAND |
| 650 | 0 | 4 | _aMUSLIM - U.S.S.R |
| 650 | 0 | 4 | _aISLAMIC RELIGION |
| 942 |
_2ddc _cBK |
||
| 999 |
_c25512 _d25512 |
||